Women in family decision making (Record no. 175899)
[ view plain ]
| 000 -LEADER | |
|---|---|
| fixed length control field | 00550nam a2200205Ia 4500 |
| 003 - CONTROL NUMBER IDENTIFIER | |
| control field | OSt |
| 005 - DATE AND TIME OF LATEST TRANSACTION | |
| control field | 20230606193718.0 |
| 008 - FIXED-LENGTH DATA ELEMENTS--GENERAL INFORMATION | |
| fixed length control field | 210423s2011 xx 000 0 und d |
| 040 ## - CATALOGING SOURCE | |
| Transcribing agency | AL |
| 041 ## - LANGUAGE CODE | |
| Language code of text/sound track or separate title | eng |
| 082 ## - DEWEY DECIMAL CLASSIFICATION NUMBER | |
| Classification number | 306.85 |
| Edition number | 23 |
| Item number | GNAW |
| 100 ## - MAIN ENTRY--PERSONAL NAME | |
| Personal name | GNANADHAS (E) |
| 9 (RLIN) | 120618 |
| 245 ## - TITLE STATEMENT | |
| Title | Women in family decision making |
| 260 ## - PUBLICATION, DISTRIBUTION, ETC. | |
| Place of publication, distribution, etc. | New Delhi |
| Name of publisher, distributor, etc. | Discovery Publishing House |
| Date of publication, distribution, etc. | 2011 |
| 365 ## - TRADE PRICE | |
| Price amount | 600 |
| Currency code | INR |
| 650 ## - SUBJECT ADDED ENTRY--TOPICAL TERM | |
| Topical term or geographic name entry element | Marriage & Family |
| 9 (RLIN) | 120619 |
| 650 ## - SUBJECT ADDED ENTRY--TOPICAL TERM | |
| Topical term or geographic name entry element | Sociology |
| 9 (RLIN) | 120620 |
| 906 ## - LOCAL DATA ELEMENT F, LDF (RLIN) | |
| a | decision ; family ; making ; Women |
| 942 ## - ADDED ENTRY ELEMENTS (KOHA) | |
| Source of classification or shelving scheme | Dewey Decimal Classification |
| Koha item type | Book |
| Withdrawn status | Lost status | Damaged status | Not for loan | Collection code | Home library | Current library | Date acquired | Source of acquisition | Cost, normal purchase price | Total Checkouts | Full call number | Barcode | Date last seen | Price effective from | Koha item type |
|---|---|---|---|---|---|---|---|---|---|---|---|---|---|---|---|
| MSW | St Aloysius PG Library | St Aloysius PG Library | 08/19/2011 | B B Books | 600.00 | 306.85 GNAW | PG022599 | 08/24/2022 | 04/26/2021 | Book |